Требования к узлу сопряжения секций геохода; Инновационные технологии в машиностроении

Detalles Bibliográficos
Parent link:Инновационные технологии в машиностроении.— 2018.— [С. 288-290]
Autor Principal: Дронов А. А. Антон Анатольевич
Autor Corporativo: Национальный исследовательский Томский политехнический университет (ТПУ) Юргинский технологический институт (филиал) (ЮТИ) Кафедра горно-шахтного оборудования (ГШО)
Summary:Заглавие с экрана
Проведен анализ работы узла сопряжения секций (УСС) геохода. Сформированы требования к узлу сопряжения секций геохода.
The analysis of the operation of the bearing unit of the geokhod is carried out. The requirements for the bearing unit of the geokhod are formed.
Idioma:ruso
Publicado: 2018
Series:Передовые технологии и техника для разработки недр
Subjects:
Acceso en liña:http://earchive.tpu.ru/handle/11683/50180
Formato: MixedMaterials Electrónico Capítulo de libro
KOHA link:https://koha.lib.tpu.ru/cgi-bin/koha/opac-detail.pl?biblionumber=627267

MARC

LEADER 00000naa2a2200000 4500
001 627267
005 20231101133443.0
035 |a (RuTPU)RU\TPU\conf\27027 
035 |a RU\TPU\conf\27006 
090 |a 627267 
100 |a 20180824d2018 k y0rusy50 ca 
101 0 |a rus  |d eng 
102 |a RU 
105 |a y z 101zy 
135 |a drcn ---uucaa 
181 0 |a i  
182 0 |a b 
200 1 |a Требования к узлу сопряжения секций геохода  |f А. А. Дронов 
203 |a Текст  |c электронный 
225 1 |a Передовые технологии и техника для разработки недр 
230 |a 1 компьютерный файл (pdf; 253 Kb) 
300 |a Заглавие с экрана 
320 |a [Библиогр.: с. 289-290 (13 назв.)] 
330 |a Проведен анализ работы узла сопряжения секций (УСС) геохода. Сформированы требования к узлу сопряжения секций геохода. 
330 |a The analysis of the operation of the bearing unit of the geokhod is carried out. The requirements for the bearing unit of the geokhod are formed. 
463 0 |0 (RuTPU)RU\TPU\conf\26327  |t Инновационные технологии в машиностроении  |o сборник трудов IX Международной научно-практической конференции, 24–26 мая 2018 г., Юрга  |f Национальный исследовательский Томский политехнический университет (ТПУ), Юргинский технологический институт (ЮТИ) ; под ред. Д. А. Чинахова  |v [С. 288-290]  |d 2018 
610 1 |a электронный ресурс 
610 1 |a труды учёных ТПУ 
610 1 |a требования 
610 1 |a узлы 
610 1 |a сопряжения 
610 1 |a геоходы 
610 1 |a горные выработки 
700 1 |a Дронов  |b А. А.  |c специалист в области машиностроения  |c ассистент Юргинского технологического института Томского политехнического университета  |f 1986-  |g Антон Анатольевич  |2 stltpush  |3 (RuTPU)RU\TPU\pers\32928 
712 0 2 |a Национальный исследовательский Томский политехнический университет (ТПУ)  |b Юргинский технологический институт (филиал) (ЮТИ)  |b Кафедра горно-шахтного оборудования (ГШО)  |h 2088  |2 stltpush  |3 (RuTPU)RU\TPU\col\18984 
801 2 |a RU  |b 63413507  |c 20180824  |g RCR 
856 4 |u http://earchive.tpu.ru/handle/11683/50180 
942 |c BK